Surviving and thriving in uncertainty creating the risk intelligent enterprise /

Bibliographic Details
Main Author: Funston, Frederick.
Corporate Author: ProQuest (Firm)
Other Authors: Wagner, Stephen.
Format: Electronic eBook
Language:English
Published: Hoboken, N.J. : Wiley, c2010.
Subjects:
Online Access:Click to View
LEADER 01309nam a2200361Ia 4500
001 EBC543003
003 MiAaPQ
005 20200520144314.0
006 m o d |
007 cr cn|||||||||
008 091127s2010 nju sb 001 0 eng d
010 |z  2009046301 
020 |z 9780470247884 (cloth) 
035 |a (MiAaPQ)EBC543003 
035 |a (Au-PeEL)EBL543003 
035 |a (CaPaEBR)ebr10395524 
035 |a (CaONFJC)MIL269058 
035 |a (OCoLC)645098692 
040 |a MiAaPQ  |c MiAaPQ  |d MiAaPQ 
050 4 |a HD61  |b .F86 2010 
082 0 4 |a 658.15/5  |2 22 
100 1 |a Funston, Frederick. 
245 1 0 |a Surviving and thriving in uncertainty  |h [electronic resource] :  |b creating the risk intelligent enterprise /  |c Frederick Funston, Stephen Wagner. 
260 |a Hoboken, N.J. :  |b Wiley,  |c c2010. 
300 |a xxvi, 338 p. 
504 |a Includes bibliographical references and index. 
533 |a Electronic reproduction. Ann Arbor, MI : ProQuest, 2015. Available via World Wide Web. Access may be limited to ProQuest affiliated libraries. 
650 0 |a Risk management. 
650 0 |a Uncertainty. 
655 4 |a Electronic books. 
700 1 |a Wagner, Stephen. 
710 2 |a ProQuest (Firm) 
856 4 0 |u https://ebookcentral.proquest.com/lib/matrademy/detail.action?docID=543003  |z Click to View